[Event "DEM U12 2005"]
[Site "Willingen GER"]
[Date "2005.05.16"]
[Round "4"]
[White "Riabov, Igor"]
[Black "Kormann, Jewgenija"]
[Result "0-1"]
[Termination "normal"]
[Board "41"]
[WhiteElo "1380"]
[BlackElo "1210"]
[PlyCount "78"]
[BlackFideId "24606669"]
[EventCountry "GER"]
[EventRounds "11"]
[EventType "swiss"]
[EventDate "2005.05.15"]

1. d4 c6 2. c4 d5 3. Nf3 Nf6 4. e3 e6 5. Bd3 Be7 6. O-O h6 7. b3 O-O 8. Bb2 c5
9. dxc5 Bxc5 10. Qe2 Nc6 11. Rd1 Qe7 12. Bc2 Nb4 13. Ne5 Nxc2 14. Qxc2 Bd6 15.
Qd3 Bxe5 16. Bxe5 Ng4 17. Bg3 dxc4 18. Qxc4 Qf6 19. Nc3 Ne5 20. Qe4 Ng6 21. Rd3
e5 22. Nd5 Qf5 23. Qxf5 Bxf5 24. Rd2 Kh8 25. f3 e4 26. Rc1 exf3 27. gxf3 Rac8
28. Rcd1 Rfe8 29. h4 Ne7 30. Nc7 Rf8 31. Bd6 Rg8 32. e4 Bg6 33. Kg2 Nc6 34. Nd5
Rge8 35. Rc1 Red8 36. Bg3 Re8 37. Rdc2 Rcd8 38. Rc4 Rd7 39. b4 Ne5 0-1

[Event "DEM U12 2005"]
[Site "Willingen GER"]
[Date "2005.05.16"]
[Round "4"]
[White "Lingl, Xenia"]
[Black "Rogasch, Miriam"]
[Result "1-0"]
[Termination "normal"]
[Board "42"]
[WhiteElo "1363"]
[BlackElo "774"]
[PlyCount "109"]
[BlackFideId "4616324"]
[EventCountry "GER"]
[EventRounds "11"]
[EventType "swiss"]
[EventDate "2005.05.15"]

1. e4 e5 2. Nf3 Nc6 3. Bc4 Nf6 4. d3 Bc5 5. c3 d5 6. exd5 Nxd5 7. O-O Nf6 8.
Re1 Bg4 9. h3 Bxf3 10. Qxf3 O-O 11. Bg5 Be7 12. Bb5 Nd7 13. Bxe7 Qxe7 14. Bxc6
bxc6 15. Qxc6 Nf6 16. Na3 Rab8 17. Nc4 Rfe8 18. Rxe5 Qd8 19. Rxe8+ Nxe8 20. Re1
h6 21. Re3 Nd6 22. Nxd6 cxd6 23. Qa6 Qc7 24. Qa3 d5 25. Re7 Qb6 26. Rxa7 Qxb2
27. Qxb2 Rxb2 28. Ra5 Rc2 29. Rxd5 Rxc3 30. a4 Kf8 31. Kf1 Ke7 32. Ke2 Ra3 33.
Rd4 Ke6 34. Kd2 Ke5 35. Ke3 g5 36. g3 f5 37. f4+ gxf4+ 38. gxf4+ Ke6 39. Kf3
Kf6 40. Kg3 Kg7 41. Kh4 Kg6 42. Kg3 Kg7 43. Kf3 Kf6 44. Ke3 Ke6 45. Rb4 Kd5 46.
Rb5+ Ke6 47. a5 Kf6 48. Rb6+ Ke7 49. a6 Kd7 50. Rxh6 Kc7 51. Rh7+ Kb6 52. a7
Rxa7 53. Rxa7 Kxa7 54. h4 Kb7 55. h5 1-0

[Event "DEM U12 2005"]
[Site "Willingen GER"]
[Date "2005.05.16"]
[Round "4"]
[White "Mirke, Roy"]
[Black "Saak, Saskia"]
[Result "1/2-1/2"]
[Termination "normal"]
[Board "43"]
[WhiteElo "1549"]
[BlackElo "1167"]
[PlyCount "85"]
[WhiteFideId "24647306"]
[EventCountry "GER"]
[EventRounds "11"]
[EventType "swiss"]
[EventDate "2005.05.15"]

1. d4 e6 2. Nf3 c5 3. e3 Nf6 4. Bd3 b6 5. c3 Bb7 6. Nbd2 Be7 7. O-O d6 8. h3
Nbd7 9. e4 O-O 10. Re1 cxd4 11. cxd4 Rc8 12. e5 dxe5 13. dxe5 Nd5 14. Nb3 Qc7
15. a3 Bd8 16. Bd2 Ne7 17. Rc1 Qb8 18. Bc3 Bc7 19. Nbd2 Ng6 20. Bxg6 hxg6 21.
b4 a6 22. Bb2 Qa7 23. Qe2 b5 24. Bd4 Bb6 25. Bxb6 Qxb6 26. Qd1 Qa7 27. Qe2 Nb6
28. Qe3 Ra8 29. Rc7 Nd5 30. Qxa7 Rxa7 31. Rc5 Raa8 32. Rec1 Rac8 33. g3 Rxc5
34. Rxc5 Rc8 35. Rxc8+ Bxc8 36. Ne4 f6 37. Nd6 Bd7 38. h4 Kf8 39. exf6 gxf6 40.
Nb7 Ke7 41. Nc5 Bc8 42. Nd4 Nc7 43. Kh2 1/2-1/2

[Event "DEM U12 2005"]
[Site "Willingen GER"]
[Date "2005.05.16"]
[Round "4"]
[White "Dilz, Jasmin"]
[Black "Orhan, Eda"]
[Result "0-1"]
[Termination "normal"]
[Board "44"]
[WhiteElo "1138"]
[BlackElo "1366"]
[PlyCount "132"]
[BlackFideId "24659258"]
[EventCountry "GER"]
[EventRounds "11"]
[EventType "swiss"]
[EventDate "2005.05.15"]

1. e4 d5 2. exd5 Qxd5 3. Nc3 Qa5 4. d4 Bf5 5. Nf3 Nf6 6. Bf4 e6 7. g3 Bb4 8.
Qd2 Ne4 9. Qe3 Bxc3+ 10. bxc3 Nxc3 11. Qd2 Nc6 12. Bg2 Ne4 13. Qxa5 Nxa5 14.
Bxc7 Nc4 15. Bf4 Nc3 16. h3 Bxc2 17. Rc1 Na3 18. Bd6 Ncb5 19. Bxa3 Nxa3 20. O-O
O-O 21. Rfe1 Bg6 22. Ne5 Nb5 23. Bxb7 Rad8 24. Rcd1 Rxd4 25. Rxd4 Nxd4 26. a4
Rb8 27. Bc6 Rc8 28. Rd1 Ne2+ 29. Kh2 Nc3 30. Rd7 f6 31. Nxg6 hxg6 32. Bb5 Nxb5
33. axb5 Rb8 34. Rxa7 Rxb5 35. Ra8+ Kh7 36. Ra4 g5 37. h4 Kg6 38. Rg4 Kh5 39.
Kh3 Rb1 40. f3 Rf1 41. Kg2 Rd1 42. Kf2 Rd2+ 43. Ke3 Rb2 44. Rd4 Kg6 45. hxg5
Kxg5 46. Rg4+ Kh6 47. Rh4+ Kg6 48. Rg4+ Kf7 49. Rd4 Rb3+ 50. Rd3 Rb5 51. f4 Kg6
52. Ke4 Rb4+ 53. Rd4 Rxd4+ 54. Kxd4 Kf5 55. Ke3 Kg4 56. Kf2 e5 57. fxe5 fxe5
58. Kg2 e4 59. Kf2 e3+ 60. Kxe3 Kxg3 61. Ke2 g5 62. Kf1 Kf3 63. Kg1 g4 64. Kf1
g3 65. Kg1 g2 66. Kh2 Kf2 0-1

[Event "DEM U12 2005"]
[Site "Willingen GER"]
[Date "2005.05.16"]
[Round "4"]
[White "Stitterich, Nadine"]
[Black "Kazman, Caner"]
[Result "0-1"]
[Termination "normal"]
[Board "45"]
[WhiteElo "1301"]
[BlackElo "1283"]
[PlyCount "56"]
[WhiteFideId "24676527"]
[BlackFideId "24684953"]
[EventCountry "GER"]
[EventRounds "11"]
[EventType "swiss"]
[EventDate "2005.05.15"]

1. e4 b6 2. d4 Bb7 3. Nc3 e6 4. Nf3 Bb4 5. Bd3 Nf6 6. Qe2 c5 7. O-O O-O 8. Bg5
cxd4 9. Nxd4 Be7 10. Rfe1 Nc6 11. Nxc6 Bxc6 12. Rad1 Re8 13. Qd2 Qc7 14. f3 d5
15. exd5 Bc5+ 16. Kh1 Nxd5 17. Nxd5 Bxd5 18. Be4 Bxe4 19. Rxe4 f6 20. Be3 f5
21. Rh4 Rad8 22. Bd4 e5 23. c3 exd4 24. cxd4 Qe7 25. Rh3 Rxd4 26. Qc1 Rxd1+ 27.
Qxd1 Qe1+ 28. Qxe1 Rxe1# 0-1

[Event "DEM U12 2005"]
[Site "Willingen GER"]
[Date "2005.05.16"]
[Round "4"]
[White "Lauer, Florian"]
[Black "von Wardenburg, Jendrik"]
[Result "1/2-1/2"]
[Termination "normal"]
[Board "46"]
[WhiteElo "1382"]
[BlackElo "965"]
[PlyCount "88"]
[WhiteFideId "12910074"]
[EventCountry "GER"]
[EventRounds "11"]
[EventType "swiss"]
[EventDate "2005.05.15"]

1. e4 e5 2. Bc4 Nf6 3. Nc3 Bc5 4. Qe2 d6 5. Nf3 Bg4 6. O-O O-O 7. Na4 Bb4 8. a3
Ba5 9. b4 Bb6 10. Nxb6 axb6 11. h3 Bh5 12. Qe3 h6 13. Bb2 Nc6 14. Nh4 d5 15.
exd5 15... Nxd5 {ab hier kann der folgende Zug nur erahnt werden. Ein Formular
ist nicht einmal mehr fur den Meister zu entschluesseln, auf dem anderen folgt
Sxd5, was vermutlich Lxd5 heissen soll. Ein paar Zuege spaeter geschah Sa5, was
aber schlecht geht, da laut dem lesbaren Formular zu diesem Zeitpunkt kein
Springer mehr auf dem Brett ist. Das unlesbare Partieformular wurde fuer die
"Gurke der Woche" nominiert!} 16. Qg3 Re8 17. Qb3 Ndxb4 18. g4 Qxh4 19. gxh5
Qxh5 20. axb4 Rad8 21. b5 Na5 22. Qc3 Nxc4 23. Qxc4 Qxh3 24. Qc3 Qg4+ 25. Qg3
Qxg3+ 26. fxg3 Rxd2 27. Rf2 Rxf2 28. Kxf2 f6 29. Ra7 Rb8 30. Kf3 Kf7 31. Ra3
Rd8 32. Ke2 Ke6 33. Rc3 Rd7 34. Ba3 h5 35. Rc4 Kf7 36. Rh4 g6 37. Re4 Rd4 38.
Re3 Rg4 39. Rc3 c6 40. bxc6 bxc6 41. Kf2 Ra4 42. Bc1 c5 43. Bd2 Ke6 44. Rb3 Ra6
1/2-1/2

[Event "DEM U12 2005"]
[Site "Willingen GER"]
[Date "2005.05.16"]
[Round "4"]
[White "Mytyukova, Yevgeniya"]
[Black "Thiele, Eileen"]
[Result "1-0"]
[Termination "normal"]
[Board "47"]
[WhiteElo "1201"]
[BlackElo "929"]
[PlyCount "119"]
[EventCountry "GER"]
[EventRounds "11"]
[EventType "swiss"]
[EventDate "2005.05.15"]

1. e4 e5 2. Nf3 Nc6 3. Bc4 Bc5 4. d3 d6 5. h3 h6 6. Nc3 Nf6 7. O-O O-O 8. Re1
Be6 9. Bb3 Re8 10. Ne2 Ne7 11. Ng3 Ng6 12. Nh2 Nf4 13. Qf3 Ng6 14. Nh5 Nxh5 15.
Qxh5 Qf6 16. Qf3 Qxf3 17. Nxf3 c6 18. a3 Rad8 19. c4 b5 20. Rd1 a5 21. Ba2 Ne7
22. Ne1 Bb6 23. Nc2 bxc4 24. dxc4 d5 25. exd5 cxd5 26. cxd5 Nxd5 27. Re1 Bf5
28. Ne3 Nf4 29. Kh1 Bd7 30. b4 axb4 31. axb4 Nd3 32. Re2 Nxb4 33. Rb2 Bc5 34.
Kg1 Nd3 35. Rb7 Be6 36. Bd2 Bxa2 37. Rxa2 Re7 38. Rxe7 Bxe7 39. Bc3 e4 40. Ra4
Nc5 41. Rc4 Re8 42. Nf5 Nd7 43. Rxe4 Nc5 44. Rxe7 Rd8 45. Bxg7 Rd1+ 46. Kh2 Rd8
47. Bxh6 Ne6 48. Be3 Kf8 49. Rb7 Kg8 50. Nh6+ Kg7 51. Rxf7+ Kh8 52. Bc1 Rg8 53.
Nxg8 Kxg8 54. Ra7 Kf8 55. g4 Kg8 56. h4 Kh8 57. g5 Kg8 58. g6 Ng7 59. Bb2 Kf8
60. Bxg7+ 1-0

[Event "DEM U12 2005"]
[Site "Willingen GER"]
[Date "2005.05.16"]
[Round "4"]
[White "Vyelina, Valeriya"]
[Black "Falke, Cynthia"]
[Result "0-1"]
[Termination "normal"]
[Board "48"]
[WhiteElo "885"]
[BlackElo "1190"]
[PlyCount "120"]
[WhiteFideId "24677345"]
[BlackFideId "24600644"]
[EventCountry "GER"]
[EventRounds "11"]
[EventType "swiss"]
[EventDate "2005.05.15"]

1. e4 e5 2. Nf3 Nc6 3. Bc4 Bc5 4. c3 Nf6 5. d4 exd4 6. e5 Ng4 7. cxd4 Bb4+ 8.
Nc3 f6 9. Bf4 d6 10. Qe2 Qe7 11. e6 Nd8 12. d5 c6 13. O-O Bxc3 14. bxc3 cxd5
15. Bb5+ Nc6 16. Bxc6+ bxc6 17. Rfe1 Ne5 18. Nxe5 dxe5 19. Bg3 Bxe6 20. Qa6 Qd7
21. Rad1 O-O 22. c4 Qc8 23. Qxc8 Raxc8 24. cxd5 cxd5 25. h3 Rc2 26. Ra1 d4 27.
Bh2 Bxa2 28. f4 Bd5 29. g4 Rc3 30. fxe5 Rxh3 31. exf6 Rxf6 32. Rxa7 Re6 33. Rf1
Rf3 34. Rb1 d3 35. Rb8+ Rf8 36. Rxf8+ Kxf8 37. Rd7 Bc4 38. Rd4 Ba6 39. Bf4 Rg6
40. Kf2 Ke8 41. g5 Re6 42. Rd5 Re2+ 43. Kf3 Bb7 44. Kg3 Bxd5 45. Kg4 d2 46.
Bxd2 Rxd2 47. Kf5 h6 48. gxh6 gxh6 49. Kg6 Rf2 50. Kxh6 Rg2 51. Kh7 Kf7 52. Kh6
Rg4 53. Kh5 Bf3 54. Kh6 Kf6 55. Kh5 Kf5 56. Kh6 Rg5 57. Kh7 Rg6 58. Kh8 Kf6 59.
Kh7 Kf7 60. Kh8 Rh6# 0-1

[Event "DEM U12 2005"]
[Site "Willingen GER"]
[Date "2005.05.17"]
[Round "5"]
[White "Zelbel, Patrick"]
[Black "Graf, Felix"]
[Result "0-1"]
[Termination "normal"]
[Board "1"]
[WhiteElo "1927"]
[BlackElo "2152"]
[PlyCount "116"]
[WhiteFideId "24624322"]
[BlackFideId "24608904"]
[EventCountry "GER"]
[EventRounds "11"]
[EventType "swiss"]
[EventDate "2005.05.15"]

1. e4 e6 2. d3 d5 3. Nd2 Nf6 4. Ngf3 c5 5. g3 b6 6. Bg2 Bb7 7. e5 Nfd7 8. O-O
Nc6 9. Re1 g5 10. h3 Bg7 11. Nf1 h6 12. N1h2 Ncxe5 13. Nxe5 Nxe5 14. Qh5 Qf6
15. f4 Qg6 16. Qxg6 Nxg6 17. fxg5 hxg5 18. Nf3 g4 19. hxg4 Kd7 20. c3 e5 21.
Be3 f6 22. Kf2 Kd6 23. Rh1 Ba6 24. d4 cxd4 25. cxd4 e4 26. Nh4 Nxh4 27. gxh4
Bh6 28. Bxh6 Rxh6 29. Kg3 Rg8 30. Kf4 Be2 31. g5 Rhg6 32. Rae1 Bb5 33. Bf1 Bxf1
34. Rexf1 fxg5+ 35. hxg5 Rxg5 36. Rh6+ R5g6 37. Rfh1 Rf8+ 38. Ke3 Rff6 39. Rxg6
Rxg6 40. Kf2 Rf6+ 41. Ke2 Kc6 42. Rh7 a6 43. a4 b5 44. a5 b4 45. Ra7 Kb5 46.
Rc7 Kxa5 47. Rc5+ Ka4 48. Rxd5 Kb3 49. Re5 Kxb2 50. Rxe4 a5 51. d5 Rd6 52. Rd4
Kc3 53. Ke3 b3 54. Rd3+ Kc2 55. Ke2 b2 56. Rd2+ Kb3 57. Rd1 Ka2 58. Rd2 Ka1 0-1

[Event "DEM U12 2005"]
[Site "Willingen GER"]
[Date "2005.05.17"]
[Round "5"]
[White "Kaphle, Stephan"]
[Black "Zimmermann, Gordon"]
[Result "1-0"]
[Termination "normal"]
[Board "2"]
[WhiteElo "1954"]
[BlackElo "1686"]
[PlyCount "57"]
[WhiteFideId "24629103"]
[BlackFideId "24624330"]
[EventCountry "GER"]
[EventRounds "11"]
[EventType "swiss"]
[EventDate "2005.05.15"]

1. e4 e5 2. Nf3 Nc6 3. Bb5 a6 4. Ba4 Nf6 5. O-O Be7 6. Re1 b5 7. Bb3 d6 8. c3
O-O 9. h3 Na5 10. Bc2 c5 11. d4 Qc7 12. Nbd2 cxd4 13. cxd4 Bd7 14. Nf1 Rfc8 15.
Bd3 Nc6 16. Bb1 Rab8 17. a3 Na5 18. Bd3 Qb6 19. Be3 Qc7 20. Ng3 Be6 21. d5 Bd7
22. Nh4 Nxd5 23. exd5 Bxh4 24. Qh5 Bf6 25. Ne4 Be7 26. Ng5 Bxg5 27. Qxh7+ Kf8
28. Qh8+ Ke7 29. Bxg5+ 1-0

[Event "DEM U12 2005"]
[Site "Willingen GER"]
[Date "2005.05.17"]
[Round "5"]
[White "Wang, Zhangxian"]
[Black "Lobmeyer, Fabian"]
[Result "1/2-1/2"]
[Termination "normal"]
[Board "3"]
[WhiteElo "1734"]
[BlackElo "1616"]
[PlyCount "59"]
[BlackFideId "24659681"]
[EventCountry "GER"]
[EventRounds "11"]
[EventType "swiss"]
[EventDate "2005.05.15"]

1. e4 c5 2. Nf3 e6 3. d4 cxd4 4. Nxd4 Nc6 5. Nc3 Qc7 6. Be2 a6 7. O-O Nf6 8.
Kh1 Bb4 9. f3 O-O 10. Bg5 Qe5 11. Nxc6 bxc6 12. f4 Qa5 13. Bxf6 gxf6 14. Rf3
Kh8 15. Rh3 Rg8 16. Qe1 Rg7 17. Qh4 Qd8 18. e5 Be7 19. Qh5 f5 20. Rd1 Qg8 21.
Bf3 Rb8 22. b3 f6 23. exf6 Bxf6 24. Ne2 c5 25. Nc1 Be7 26. Nd3 d6 27. Nb2 Bd7
28. Nc4 Be8 29. Qh6 Rg6 30. Qh5 1/2-1/2

[Event "DEM U12 2005"]
[Site "Willingen GER"]
[Date "2005.05.17"]
[Round "5"]
[White "Endress, Anna"]
[Black "Specht, Christian"]
[Result "0-1"]
[Termination "normal"]
[Board "4"]
[WhiteElo "1725"]
[BlackElo "1568"]
[PlyCount "66"]
[WhiteFideId "24629472"]
[BlackFideId "24647985"]
[EventCountry "GER"]
[EventRounds "11"]
[EventType "swiss"]
[EventDate "2005.05.15"]

1. e4 c5 2. Nf3 Nc6 3. d4 cxd4 4. Nxd4 Nf6 5. Nc3 e5 6. Ndb5 d6 7. Nd5 Nxd5 8.
exd5 Nb8 9. c4 Be7 10. Bd3 O-O 11. O-O a6 12. Nc3 f5 13. f3 Bg5 14. Kh1 Bxc1
15. Qxc1 Qh4 16. Qe3 Nd7 17. b4 Rf6 18. Qf2 Qh5 19. Rfe1 Rh6 20. h3 f4 21. Bf1
Nf6 22. Ne4 Nxe4 23. Rxe4 g5 24. c5 g4 25. fxg4 Bxg4 26. Be2 Qf5 27. Bf3 Bxh3
28. gxh3 Qxh3+ 29. Kg1 Rg6+ 30. Bg2 f3 31. Kf1 Rxg2 32. Qh4 Rg1+ 33. Kxg1 Qg2#
0-1

[Event "DEM U12 2005"]
[Site "Willingen GER"]
[Date "2005.05.17"]
[Round "5"]
[White "Kartsev, Alexandr"]
[Black "Schäfer, Alexander"]
[Result "0-1"]
[Termination "normal"]
[Board "5"]
[WhiteElo "1600"]
[BlackElo "2035"]
[PlyCount "162"]
[WhiteFideId "24647110"]
[BlackFideId "24615196"]
[EventCountry "GER"]
[EventRounds "11"]
[EventType "swiss"]
[EventDate "2005.05.15"]

1. e4 c5 2. Nc3 Nc6 3. g3 e6 4. Bg2 Nge7 5. d3 g6 6. f4 Bg7 7. Nf3 O-O 8. O-O
d6 9. h3 a6 10. a4 Rb8 11. g4 b5 12. axb5 axb5 13. Qe1 Nb4 14. Qf2 Nec6 15. Nd1
Nd4 16. Nxd4 cxd4 17. Qd2 Na6 18. c3 dxc3 19. bxc3 b4 20. d4 bxc3 21. Nxc3 Qb6
22. Ne2 e5 23. f5 exd4 24. Kh1 d3 25. Nc3 Qd4 26. Bb2 Rxb2 27. Qxb2 Qxc3 28.
Qxc3 Bxc3 29. Ra3 Be5 30. Rxd3 Nc5 31. Rdd1 Ba6 32. Rfe1 Nd3 33. Re2 Nb2 34.
Rxb2 Bxb2 35. Rxd6 Bc8 36. Rd2 Bc1 37. Rc2 Bg5 38. Kg1 Be3+ 39. Kh2 Rd8 40. Kg3
Ba6 41. Ra2 Bc4 42. Ra4 Be2 43. Ra2 Rd2 44. Ra3 Rd3 45. Ra2 Bd1 46. Ra6 g5 47.
Kh2 Be2 48. Ra2 Bf4+ 49. Kg1 Rd2 50. Rxd2 Be3+ 51. Kh2 Bxd2 52. Kg3 Be1+ 53.
Kh2 f6 54. Kg1 Kf7 55. Bf1 Bxf1 56. Kxf1 Bc3 57. Ke2 Ke7 58. Kd3 Be5 59. Kc4
Kd6 60. Kb5 Bd4 61. Kc4 Ke5 62. Kd3 Ba7 63. h4 gxh4 64. Ke2 Kxe4 65. g5 fxg5
66. f6 Bc5 67. f7 Kf5 68. Kf3 g4+ 69. Kg2 Kg6 70. Kh2 Kxf7 71. Kg2 h5 72. Kh2
h3 73. Kg3 Bd6+ 74. Kf2 g3+ 75. Kg1 g2 76. Kf2 Bc5+ 77. Kf3 g1=Q 78. Kf4 Qg4+
79. Ke5 Qd4+ 80. Kf5 Bd6 81. Kg5 Qg4+ 0-1

[Event "DEM U12 2005"]
[Site "Willingen GER"]
[Date "2005.05.17"]
[Round "5"]
[White "Grimm, Pascal"]
[Black "Osmanodja, Bilgin"]
[Result "1-0"]
[Termination "normal"]
[Board "6"]
[WhiteElo "1838"]
[BlackElo "1574"]
[PlyCount "117"]
[WhiteFideId "24620122"]
[EventCountry "GER"]
[EventRounds "11"]
[EventType "swiss"]
[EventDate "2005.05.15"]

1. e4 c5 2. d3 Nc6 3. g3 g6 4. Bg2 Bg7 5. Nc3 d6 6. f4 e6 7. Nf3 Nge7 8. O-O
O-O 9. Be3 f5 10. Qd2 b6 11. Rab1 Bb7 12. d4 fxe4 13. Nxe4 Nf5 14. dxc5 bxc5
15. Rfd1 Ncd4 16. Nxd4 Bxd4 17. Bxd4 Nxd4 18. c3 Nf5 19. Nxd6 Bxg2 20. Kxg2 Qb6
21. Nxf5 Qc6+ 22. Kg1 exf5 23. Qd5+ Qxd5 24. Rxd5 Rac8 25. Re1 Rf7 26. Re6 Rb7
27. b3 Kf7 28. Ree5 Rbc7 29. Kf2 a5 30. Ke3 a4 31. bxa4 Ra7 32. a5 Rxa5 33.
Rd7+ Kg8 34. Ree7 Rxa2 35. Rg7+ Kf8 36. Rxh7 Ke8 37. Rdg7 Kf8 38. Rxg6 Re8+ 39.
Kf3 Ree2 40. Rc6 Kg8 41. Rb7 Rf2+ 42. Ke3 Rfe2+ 43. Kd3 Re8 44. Rxc5 Rxh2 45.
Rxf5 Rhe2 46. Rg5+ Kh8 47. Rd7 R8e3+ 48. Kc4 Rxc3+ 49. Kxc3 Rc2+ 50. Kb4 Rc4+
51. Kb5 Rb4+ 52. Kc6 Rb6+ 53. Kc7 Rb7+ 54. Kd8 Rb8+ 55. Ke7 Re8+ 56. Kf6 Re6+
57. Kf5 Rf6+ 58. Ke5 Re6+ 59. Kd5 1-0

[Event "DEM U12 2005"]
[Site "Willingen GER"]
[Date "2005.05.17"]
[Round "5"]
[White "Huhnstock, Rico"]
[Black "Hager, Joshua Aarash"]
[Result "1-0"]
[Termination "normal"]
[Board "7"]
[WhiteElo "1424"]
[BlackElo "1632"]
[PlyCount "43"]
[WhiteFideId "24642932"]
[BlackFideId "24642789"]
[EventCountry "GER"]
[EventRounds "11"]
[EventType "swiss"]
[EventDate "2005.05.15"]

1. e4 d6 2. d4 g6 3. Nf3 Bg7 4. Nc3 c6 5. Be3 Nd7 6. Qd2 b5 7. Bd3 Nb6 8. a3
Nc4 9. Bxc4 bxc4 10. O-O Rb8 11. Rab1 Nf6 12. Rfd1 d5 13. e5 Nd7 14. Bf4 e6 15.
Bh6 O-O 16. h3 Qc7 17. Nh2 c5 18. Ng4 cxd4 19. Bxg7 f5 20. exf6 Nxf6 21. Bxf8
dxc3 22. Nxf6+ 1-0

[Event "DEM U12 2005"]
[Site "Willingen GER"]
[Date "2005.05.17"]
[Round "5"]
[White "Günnigmann, Manuel"]
[Black "Petermann, Michail"]
[Result "1/2-1/2"]
[Termination "normal"]
[Board "8"]
[WhiteElo "1625"]
[BlackElo "1551"]
[PlyCount "106"]
[WhiteFideId "24640360"]
[BlackFideId "24643530"]
[EventCountry "GER"]
[EventRounds "11"]
[EventType "swiss"]
[EventDate "2005.05.15"]

1. e4 c5 2. Nf3 d6 3. d4 cxd4 4. Nxd4 Nf6 5. Nc3 a6 6. Be3 b5 7. f3 Bb7 8. Qd2
Qc7 9. O-O-O Nbd7 10. g4 Ne5 11. Bd3 Rc8 12. Kb1 Nc4 13. Bxc4 Qxc4 14. g5 Nd7
15. h4 b4 16. Nce2 a5 17. h5 Ba6 18. Nc1 a4 19. g6 f6 20. h6 hxg6 21. hxg7 Bxg7
22. Rxh8+ Bxh8 23. Rh1 Kf7 24. Rh7+ Bg7 25. b3 axb3 26. axb3 Qc3 27. Bh6 Rg8
28. Qxc3 bxc3 29. Nde2 Ne5 30. f4 Nf3 31. Nxc3 Nd2+ 32. Kb2 Bb7 33. Nd5 e6 34.
Ne7 Kxe7 35. Bxg7 Bxe4 36. Bh8+ Kf8 37. Bxf6 g5 38. Rh2 Nf3 39. Re2 d5 40. fxg5
Nxg5 41. Bxg5 Rxg5 42. Na2 Ke7 43. Nc3 Rg2 44. Rxg2 Bxg2 45. Ne2 e5 46. Kc3 Kd6
47. Kd3 Bf1 48. Kd2 Kc5 49. c3 Kd6 50. Ng3 Bh3 51. Ke3 Bg4 52. Ne2 Ke6 53. c4
dxc4 1/2-1/2

[Event "DEM U12 2005"]
[Site "Willingen GER"]
[Date "2005.05.17"]
[Round "5"]
[White "Kotainy, Jens"]
[Black "Sancar, Kenan"]
[Result "1/2-1/2"]
[Termination "normal"]
[Board "9"]
[WhiteElo "1624"]
[BlackElo "1517"]
[PlyCount "85"]
[WhiteFideId "24670499"]
[BlackFideId "24647543"]
[EventCountry "GER"]
[EventRounds "11"]
[EventType "swiss"]
[EventDate "2005.05.15"]

1. e4 d5 2. exd5 Qxd5 3. Nc3 Qd6 4. d4 Nf6 5. Nf3 Nc6 6. Bb5 a6 7. Bxc6+ Qxc6
8. h3 Bf5 9. O-O e6 10. Bf4 Bg6 11. Ne5 Qb6 12. Rb1 O-O-O 13. Nxg6 hxg6 14. Ne2
Bd6 15. Bxd6 Rxd6 16. c3 Qa5 17. a4 e5 18. b4 Qd5 19. Qb3 exd4 20. cxd4 Qxb3
21. Rxb3 Re8 22. Re3 Rde6 23. Rxe6 Rxe6 24. Nc1 Re4 25. Rd1 Nd5 26. f3 Re3 27.
Nd3 Nc3 28. Rd2 Nxa4 29. Ne5 f6 30. Nxg6 Kd7 31. Nf4 Rb3 32. Nh5 Rxb4 33. Nxg7
Rb1+ 34. Kf2 Nc3 35. Rc2 Rb3 36. h4 Ke7 37. Ke1 b5 38. Kd2 b4 39. Nf5+ Kf7 40.
Ne3 Rb1 41. Rc1 Rxc1 42. Kxc1 a5 43. Kb2 1/2-1/2

[Event "DEM U12 2005"]
[Site "Willingen GER"]
[Date "2005.05.17"]
[Round "5"]
[White "Dünzel, Jonas"]
[Black "Wittke, Rene"]
[Result "0-1"]
[Termination "normal"]
[Board "10"]
[WhiteElo "1516"]
[BlackElo "1612"]
[PlyCount "46"]
[WhiteFideId "24631167"]
[BlackFideId "24640255"]
[EventCountry "GER"]
[EventRounds "11"]
[EventType "swiss"]
[EventDate "2005.05.15"]

1. e4 e5 2. Nf3 Nc6 3. Bb5 a6 4. Ba4 Nf6 5. O-O Be7 6. Re1 b5 7. Bb3 O-O 8. c3
d5 9. exd5 Nxd5 10. Nxe5 Nxe5 11. Rxe5 Nf6 12. d4 Bd6 13. Re1 Ng4 14. h3 Qh4
15. Qf3 Nxf2 16. Qxf2 Bh2+ 17. Kf1 Bg3 18. Qe3 Bxh3 19. Re2 Bg4 20. Bd1 Rae8
21. Qg1 Bxe2+ 22. Bxe2 Qf6+ 23. Bf3 Re1# 0-1

[Event "DEM U12 2005"]
[Site "Willingen GER"]
[Date "2005.05.17"]
[Round "5"]
[White "Brumme, Jan"]
[Black "Friedrich, Wiede"]
[Result "0-1"]
[Termination "normal"]
[Board "11"]
[WhiteElo "1487"]
[BlackElo "1739"]
[PlyCount "100"]
[BlackFideId "24629537"]
[EventCountry "GER"]
[EventRounds "11"]
[EventType "swiss"]
[EventDate "2005.05.15"]

1. e4 c5 2. d4 cxd4 3. c3 dxc3 4. Nxc3 d6 5. Bc4 g6 6. Nf3 Bg7 7. e5 Nc6 8. Bg5
Nxe5 9. Nxe5 Bxe5 10. Qb3 Be6 11. Bxe6 fxe6 12. Qxe6 Bxc3+ 13. bxc3 Qa5 14. Qe3
Rc8 15. Rc1 Rc5 16. Qd4 Re5+ 17. Be3 Nf6 18. O-O O-O 19. f4 Re4 20. Qxa7 Qxa7
21. Bxa7 Ra8 22. Bd4 Rxa2 23. Rfe1 Rxe1+ 24. Rxe1 Nd5 25. g3 Kf7 26. Rb1 Rc2
27. Rxb7 Nxc3 28. Bxc3 Rxc3 29. Kg2 d5 30. Rb8 Kf6 31. Rh8 h5 32. Rf8+ Ke6 33.
Rd8 Rc6 34. Kf3 Rd6 35. Rxd6+ Kxd6 36. Ke3 Kc5 37. Kd3 e6 38. h3 d4 39. g4 hxg4
40. hxg4 Kd5 41. g5 Kc5 42. Ke4 Kc4 43. Ke5 d3 44. Kxe6 d2 45. Kf6 d1=Q 46.
Kxg6 Qd7 47. f5 Kd5 48. f6 Ke6 49. Kh5 Qh7+ 50. Kg4 Qg6 0-1

[Event "DEM U12 2005"]
[Site "Willingen GER"]
[Date "2005.05.17"]
[Round "5"]
[White "Schmitt, Philipp"]
[Black "Müller, Tobias"]
[Result "1-0"]
[Termination "normal"]
[Board "12"]
[WhiteElo "1705"]
[BlackElo "1493"]
[PlyCount "81"]
[WhiteFideId "24641766"]
[BlackFideId "24643394"]
[EventCountry "GER"]
[EventRounds "11"]
[EventType "swiss"]
[EventDate "2005.05.15"]

1. e4 c5 2. Nf3 d6 3. Bb5+ Bd7 4. Bxd7+ Nxd7 5. O-O Ngf6 6. Qe2 g6 7. c3 Ne5 8.
Nxe5 dxe5 9. Qb5+ Qd7 10. Qxc5 Nxe4 11. Qxe5 Nf6 12. d4 Bg7 13. Qe2 O-O 14. Bf4
Rfe8 15. Be5 Rac8 16. Nd2 Nh5 17. Bxg7 Nxg7 18. Nf3 f6 19. Rfe1 Rc7 20. c4 Rec8
21. b3 a6 22. a4 Kf8 23. a5 Rb8 24. Qe3 Nf5 25. Qd3 Rd8 26. d5 Ng7 27. Rad1 e6
28. Qc3 e5 29. Qb4+ Qd6 30. Qxd6+ Rxd6 31. Nd2 Ne8 32. Ne4 Rd8 33. f3 Kf7 34.
d6 Rcd7 35. c5 f5 36. Nc3 Kf6 37. Nd5+ Ke6 38. Nb6 Rg7 39. Rd5 Kf6 40. Rdxe5
Rf7 41. Rxe8 1-0